Turistické a cykloturistické mapy Libereckého kraje = Mapy turystyczne i rowerowe regionu Liberec /

Korporativní autor: Kartografie Praha (firma)
Jazyk: Polština
Čeština
Vydáno: Liberec : Krajský úřad Libereckého kraje, 2020
Vydání: 1. vydání
Témata:
Fyzický popis: 5 map : barevné ; listy 44 x 64 cm, složeno na 22 x 11 cm
Language note: Místní jména česky, český a polský text
Mapy
Uloženo v:
LEADER 02095nem a2200517 i 4500
001 nkc20203266305
003 CZ PrNK
005 20210826095936.0
007 aj canzn
008 201203s2020 xr ag a 0 cze
015 |a cnb003266305 
020 |a 978-80-7393-528-3  |q (Kartografie Praha ;  |q složeno) 
034 0 |a a 
040 |a ABA001  |b cze  |e rda 
041 0 |a cze  |a pol 
043 |a e-xr---  |b e-xr-li  |2 czenas 
072 7 |a 913(437)  |x Geografie Česka a Slovenska, reálie, cestování  |2 Konspekt  |9 7 
072 7 |a 912  |x Mapy. Atlasy. Glóby  |2 Konspekt  |9 7 
080 |a 796.51  |2 MRF 
080 |a 796.61  |2 MRF 
080 |a 913(437.316)  |2 MRF 
080 |a (084.3)796.5  |2 MRF 
080 |a (084.3)796.61  |2 MRF 
110 2 |a Kartografie Praha (firma)  |7 kn20010724363  |4 ctg 
245 1 0 |a Turistické a cykloturistické mapy Libereckého kraje =  |b Mapy turystyczne i rowerowe regionu Liberec /  |c zpracovala Kartografie Praha 
246 3 1 |a Mapy turystyczne i rowerowe regionu Liberec 
250 |a 1. vydání 
255 |a Měřítka různá 
264 1 |a Liberec :  |b Krajský úřad Libereckého kraje,  |c 2020 
300 |a 5 map :  |b barevné ;  |c listy 44 x 64 cm, složeno na 22 x 11 cm 
336 |a kartografický obraz  |b cri  |2 rdacontent 
337 |a bez média  |b n  |2 rdamedia 
338 |a list  |b nb  |2 rdacarrier 
500 |a Soubor 5 map je vložen do papírových a plastových desek 
500 |a Na rubu vlastivědný text s barevnými fotografiemi 
505 0 0 |t Máchův kraj --  |t Lužické hory --  |t Český ráj --  |t Jizerské hory --  |t Krkonoše 
546 |a Místní jména česky, český a polský text 
650 0 7 |a pěší turistika  |7 ph124864  |z Česko  |2 czenas 
650 0 7 |a cykloturistika  |7 ph114274  |z Česko  |2 czenas 
651 7 |a Liberecký kraj (Česko : 2000-)  |7 ge135865  |2 czenas 
655 7 |a turistické mapy  |7 fd133737  |2 czenas 
655 7 |a cykloturistické mapy  |7 fd131996  |2 czenas 
910 2 |a BOA001  |b Mp2-1463.179 
990 |a MP 
995 |a 01 
996 6 |b 2610859313  |c Mp2-1463.179  |l MZK  |r Sklad / do 1 hodiny  |n 0  |p p.v.  |w 001846484  |u 000010  |a 1  |e BOA001  |j MZK50  |s P